| 000 | 01069nam a22002537a 4500 | ||
|---|---|---|---|
| 005 | 20170124103002.0 | ||
| 010 | _aA-448374 | ||
| 020 | _c40.00 | ||
| 035 | _aA-448374 | ||
| 037 | _bCen Lib/Ret | ||
| 040 |
_aDPL _bHN |
||
| 082 |
_aउ _bअसवा |
||
| 100 |
_aअसवाल, हरेंद्रसिंह _9130 |
||
| 245 |
_aउखड़े-बिखरे लोग / _cहरेंद्रसिंह असवाल |
||
| 246 |
_aUkhde-bikhre log / _bby Harendra Singh Aswal |
||
| 260 |
_aनई दिल्ली _bपतक्षशिला प्रकाशन _c1990 |
||
| 270 |
_a23/4762, अंसारी रोड, दरियागंज _bनई दिल्ली _e110002 |
||
| 300 |
_a119पृ. _c18सेमी (सजिल्द) |
||
| 650 |
_a हिन्दी साहित्य _955092 |
||
| 650 |
_a हिन्दी साहित्य -- उपन्यास _946379 |
||
| 650 |
_aHindi literature _955093 |
||
| 650 |
_aHindi literature -- Fiction _955094 |
||
| 942 |
_2ddc _cHN _hउ _mअसवा |
||
| 999 |
_c114051 _d114051 |
||